Tridsaťpäť rokov hospodárskeho, sociálneho a kultúrneho vývoja ČSSR

Enregistré dans:
Détails bibliographiques
Format: Livre
Langue:slovaque
Publié: Bratislava Pravda 1980
Collection:Fakty a argumenty č. 5
Tags: Ajouter un tag
Pas de tags, Soyez le premier à ajouter un tag!

MARC

LEADER 00000nam a2200000 4500
001 c141814
005 20041019155323.0
041 0 |a slo 
044 |a SK 
245 1 0 |a Tridsaťpäť rokov hospodárskeho, sociálneho a kultúrneho vývoja ČSSR 
264 1 |a Bratislava  |b Pravda  |c 1980 
300 |a 79 s. 
490 1 |a Fakty a argumenty  |v č. 5 
830 0 |a Fakty a argumenty  |v č. 5